000 00758nam a2200289Ia 4500
001 3412
003 IT-RoPAU
008 130308s9999 xx 000 0 und d
040 _aIT-RoPAU
040 _cIT-RoPAU
041 _aLATINO
100 _aKant Immanuel
100 _gCodice Aut. SPICS: 5150
245 _aPrincipiorum Primorum Cognition is Metaphysicae nova Dilucidatio
245 _bContraddizione (La)
250 _a1a ed.
260 _aROMA
260 _bCitta' Nuova
260 _c1977 [1° Ed.:1977 - Ed.Ling.Originale:]
300 _a"5 p. (prefazione: no ; testo: 5 [pagine: 329-333])"
650 _aLOGICA FILOSOFICA
650 _eCodice materia Spics: 3151
942 _cBK
957 _71
999 _c39073
_d39073
999 _bSI
999 _g1